Immigration Offenders in the Federal Criminal Justice System, 2000

Guardado en:  
Detalles Bibliográficos
Autores principales: Scalia, John (Autor) ; Litras, Marika F.X. (Autor)
Tipo de documento: Electrónico Research Data Statistics
Lenguaje:Inglés
Publicado: United States Department of Justice, Office of Justice Programs 2002
En:Enthalten in: Bureau of Justice Statistics Special Report
Acceso en línea: Volltext (lizenzpflichtig)
Verificar disponibilidad: HBZ Gateway
Palabras clave:

MARC

LEADER 00000caa a22000002c 4500
001 1912581442
003 DE-627
005 20250125055208.0
007 cr uuu---uuuuu
008 241217s2002 xx |||||os 00| ||eng c
035 |a (DE-627)1912581442 
035 |a (DE-599)KXP1912581442 
040 |a DE-627  |b ger  |c DE-627  |e rda 
041 |a eng 
084 |a 2,1  |2 ssgn 
100 1 |a Scalia, John  |e VerfasserIn  |4 aut 
245 1 0 |a Immigration Offenders in the Federal Criminal Justice System, 2000 
264 1 |b United States Department of Justice, Office of Justice Programs  |c 2002 
336 |a Text  |b txt  |2 rdacontent 
337 |a Computermedien  |b c  |2 rdamedia 
338 |a Online-Ressource  |b cr  |2 rdacarrier 
655 7 |a Statistik  |0 (DE-588)4056995-0  |0 (DE-627)106152955  |0 (DE-576)209119799  |2 gnd-content 
655 7 |a Forschungsdaten  |0 (DE-588)1098579690  |0 (DE-627)857755366  |0 (DE-576)469182156  |2 gnd-content 
700 1 |a Litras, Marika F.X.  |e VerfasserIn  |4 aut 
773 0 8 |i Enthalten in  |t Bureau of Justice Statistics Special Report 
856 4 0 |u https://bjs.ojp.gov/redirect-legacy/content/pub/pdf/iofcjs00.pdf  |q application/pdf  |x Verlag  |z lizenzpflichtig  |3 Volltext  |7 1 
935 |a mkri 
951 |a AR 
ELC |a 1 
LOK |0 000 xxxxxcx a22 zn 4500 
LOK |0 001 463754694X 
LOK |0 003 DE-627 
LOK |0 004 1912581442 
LOK |0 005 20241217044547 
LOK |0 008 241217||||||||||||||||ger||||||| 
LOK |0 035   |a (DE-2619)ICPSR113016 
LOK |0 040   |a DE-2619  |c DE-627  |d DE-2619 
LOK |0 092   |o n 
LOK |0 852   |a DE-2619 
LOK |0 852 1  |9 00 
LOK |0 935   |a uvkn  |a foda  |a nacp 
LOK |0 939   |a 17-12-24  |b l01 
ORI |a SA-MARC-krimdoka001.raw